El adolescente y usted
Uloženo v:
| Hlavní autoři: | , , |
|---|---|
| Médium: | Kniha |
| Jazyk: | španělština |
| Vydáno: |
Santiago
Universitaria
1982
|
| Vydání: | 1a. ed |
| Edice: | Colección El Sembrador
|
| Témata: | |
| Tagy: |
Přidat tag
Žádné tagy, Buďte první, kdo vytvoří štítek k tomuto záznamu!
|
MARC
| LEADER | 00000cam a2200000 a 4500 | ||
|---|---|---|---|
| 001 | UCE9405 | ||
| 003 | CL-VaPUC | ||
| 008 | 151022e19820000cl |||||||||||||||||spa|d | ||
| 020 | |a 84.83401231 | ||
| 082 | 0 | 4 | |a 155 |b PEL |2 21 |
| 100 | 0 | |a Peláez, Paula |e author |9 582237 | |
| 700 | 0 | |a Mutzel, Edith |e author |9 582238 | |
| 700 | 0 | |a Medina, Ana María |e author |9 582239 | |
| 245 | 1 | 3 | |a El adolescente y usted |
| 250 | |a 1a. ed | ||
| 300 | |a 124 p | ||
| 942 | |c BK | ||
| 945 | |d 20151022 17:18:00 |a dcastane | ||
| 260 | |a Santiago |b Universitaria |c 1982 | ||
| 650 | 7 | |a PSICOLOGIA DIFERENCIAL |2 CL-VaPUC |9 309027 | |
| 650 | 0 | |a Psicología del adolescente |9 307864 | |
| 650 | 0 | |a Adolescencia |9 307361 | |
| 583 | |a last modification |c 20151022 17:18:00 |k Rodrigo Vera | ||
| 490 | 0 | |a Colección El Sembrador | |
| 999 | |c 361069 |d 361067 | ||
| 952 | |0 0 |1 0 |3 erb |4 0 |6 155_000000000000000_PEL_1982 |7 0 |8 C |9 471392 |a BIBCUR |b BIBCUR |i 5206014 |o 155 PEL 1982 |p 5206014 |r 2025-04-22 |w 2019-11-24 |y BK |z Catalogado en:20151022 |k CAC | ||